Pokročilé testovanie softvéru počas vývoja

Gespeichert in:
Bibliographische Detailangaben
1. Verfasser: Brach, William (Verfasst von)
Weitere Verfasser: Rástočný, Karol (Betreuung Doktorarbeit)
Format: Manuskript Buch
Sprache:Slowakisch
Veröffentlicht: 2020
Schlagworte:
Online-Zugang:http://is.stuba.sk/zp/portal_zp.pl?podrobnosti=134727
Tags: Tag hinzufügen
Keine Tags, Fügen Sie das erste Tag hinzu!

MARC

LEADER 00000ntm a22000003a 4500
001 stuzp80515
003 SK-STU
005 20200620211637.5
007 ta
008 150427s2015----xo-----f-mn---000-0-slo-d
040 |a STU  |b slo 
041 0 |a slo 
100 1 |a Brach, William  |u 070200  |4 aut  |U FIIT Fakulta informatiky a informačných technológií  |T FIIT Ústav informatiky, informačných systémov a softvérového inžinierstva  |X 85785  |U I200  |Y 179  |7 85785 
242 0 1 |a Advanced software testing during development  |y eng 
245 1 0 |a Pokročilé testovanie softvéru počas vývoja 
260 |c 2020 
650 4 |a selekcia testov  |2 slo 
650 4 |a testovanie softvéru  |2 slo 
650 4 |a regresné testovanie  |2 slo 
650 4 |a prioritizácia testov  |2 slo 
650 4 |a software testing  |2 eng 
650 4 |a regression testing  |2 eng 
650 4 |a test selection  |2 eng 
650 4 |a test prioritization  |2 eng 
700 1 |a Rástočný, Karol  |u 070200  |k Z1  |4 ths  |U FIIT Fakulta informatiky a informačných technológií  |T FIIT Ústav informatiky, informačných systémov a softvérového inžinierstva  |X 36279  |U I200  |Y 179  |7 36279 
856 4 |u http://is.stuba.sk/zp/portal_zp.pl?podrobnosti=134727